01194nam a2200289Ia 450000500170000000800370001702000150005404100080006910000440007724501370012125000180025830000490027649000310032550000420035650501460039865000350054465000370057970000430061670000370065970000410069626400330073733600270077033700330079733800280083004000350085808400110089320220317001847.0170410s2004 c a g 000 j s a9583006750 aspa1 aGógol, Nikolai Vasilievichd1809-185213aEl lugar encantado y otros cuentoscNicolás Gogol ; traducido por Francisco Montaña Ibáñez ; ilustrado por Luis Eduardo Ruiz a1a. edición a220 páginasbilustraciones en colorc24 cm aCajón de cuentos : mayor aIncluye datos biográficos del autor aLa noche de mayo o la ahogada -- El mercado de Sorochinetz --La carta perdida -- Iván Fiodorovich Shponka y su tía -- El lugar encantado142LEMBaCuentos rusosySiglo XIX142LEMBaLiteratura rusaySiglo XIX1 aMontaña, Franciscod1966-etraductor1 aRuíz, Luis Eduardoeilustrador1 aFonseca Leal, Raquel Mireyadeditora aBogotábPanamericanac2004 atextobtxt2rdacontent asin mediaciónbn2rdamedia avolumenbnc2rdacarrier aCO-BoRNBPbspaerdacCO-BoRNBP aC GOG1